000 00280nam a2200121Ia 4500
008 190216s9999||||xx |||||||||||||| ||und||
100 _aTager A
245 0 _aPhysical Chemistry Of Polymers
260 _bMir Publishers
_c1978
300 _a652p
650 _aChemistry
942 _cBK
999 _c2134
_d2134